LEADER 01508nam a2200313 u 4500 001 000000075473 003 CaOOAMICUS 005 20070226123114.0 008 031006s1995 it u000 u ita u 020 $a8870783561 035 $a10972056 040 $aPUL$bita 041 0 $aita$heng 100 1 $aDoane, Jeri A.$0(OLS)http://pul/name/50113 240 10$aAffet and attachment in the family.$lItaliano.$0(OLS)http://pul/title/99054 245 10$aAffetti e attaccamento nella famiglia :$btrattamento familiare dei più gravi disturbi psichici /$cJeri A. Doane, Diana Diamond ; edizione italiana a cura di Paolo Bertrando. 260 $aMilano :$bR. Cortina,$c1995. 300 $axiii, 254 p. ;$c22 cm 490 1 $aCollana di psicologia clinica e psicoterapia ;$v81 650 4$aFamiglia (psicologia).$0(OLS)http://pul/subject/23638 700 1 $aBertrando, Paolo.$0(OLS)http://pul/name/50053 700 1 $aDiamond, Diana.$0(OLS)http://pul/name/50114 830 0$aCollana di psicologia clinica e psicoterapia ;$v81.$0(OLS)http://pul/title/12189 850 $aPUL 852 $aPUL$W1$xSL Filosofia 1$y2$m97 S 81$j97119$nBK-PRI$b $qStampati$B97119$CPULBib$Z2$F97119 $H93249 $81 941 1 $a8 996 $6020$a8870783561$9(OLS)http://pul/number/98475 996 $6245$aAffetti e attaccamento nella famiglia :$btrattamento familiare dei più gravi disturbi psichici$9(OLS)http://pul/title/99055 996 $6260$aMilano :$bR. Cortina$9(OLS)http://pul/publisher/52064 LEADER 02023nam a2200385 u 4500 001 000000057890 003 CaOOAMICUS 005 20070226120631.0 008 010518s1989 it u000 u ita u 035 $a10889494 040 $aPUL(R)$bita 041 1 $aita$hger 100 1 $aNietzsche, Friedrich Wilhelm,$d1844-1900.$0(OLS)http://pul/name/664 240 10$aOpere$9(Nietzsche, Friedrich Wilhelm, 1844-1900).$lItaliano.$0(OLS)http://pul/title/38915 245 12$aL'Anticristo :$bCrepuscolo degli idoli ; Ecce homo ; La volontà di potenza /$cFriedrich W. Nietzsche. 260 $aMilano :$bNewton,$cc1989. 300 $a470 p. ;$c22 cm 490 1 $aGrandi tascabili economici (Newton Compton) ;$v37 700 12$aNietzsche, Friedrich Wilhelm,$d1844-1900$tGötzen-Dämmerung oder wie man mit dem Hammer philosophiert$lItaliano.$0(OLS)http://pul/name/40302 700 12$aNietzsche, Friedrich Wilhelm,$d1844-1900$tEcce homo : wie man wird, was man ist$lItaliano.$0(OLS)http://pul/name/40303 700 12$aNietzsche, Friedrich Wilhelm,$d1844-1900$tNachgelassene Fragmente : Hebst 1887 bis März 1888$lItaliano.$0(OLS)http://pul/name/40304 740 02$aCrepuscolo degli idoli. 740 02$aAnticristo. 740 02$aEcce homo. 740 32$aLa volontà di potenza. 830 0$aGrandi tascabili economici (Newton Compton) ;$v37.$0(OLS)http://pul/title/42680 850 $aPUL 852 $aPUL$W1$xDP1 Altre Collocazioni$y17$mSenza collocazione$j12$nBK-PRI$b $qStampati$B75660$CPULBib$Z2$F75660 $H $81 941 1 $a8 996 $6740$aCrepuscolo degli idoli$9(OLS)http://pul/title/38917 996 $6740$aAnticristo$9(OLS)http://pul/title/38918 996 $6740$aEcce homo$9(OLS)http://pul/title/38919 996 $6740$aLa volontà di potenza$9(OLS)http://pul/title/77512 996 $6245$aL'Anticristo :$bCrepuscolo degli idoli ; Ecce homo ; La volontà di potenza$9(OLS)http://pul/title/77511 996 $6260$aMilano :$bNewton$9(OLS)http://pul/publisher/69538